| 000 | 00984nam0a22002531 4500 | ||
|---|---|---|---|
| 001 | rc\2366256 | ||
| 005 | 20260407023941.0 | ||
| 035 | _a(NLR Aleph) 006597830 | ||
| 090 |
_a7215590 _c7215590 |
||
| 100 | _a20110829d1976 |||y0rusy50 ca | ||
| 101 | 0 | _arus | |
| 102 | _aRU | ||
| 105 | _ay b ||||| | ||
| 200 | 1 |
_aАппараты, инструменты и принадлежности для травматологии и механотерапии _eКаталог _fМ-во здрав. СССР. Всесоюз. объединение "Союзмедтехника" |
|
| 210 |
_aМосква _cВ/К "Союзторгмедтехника" _d1976 |
||
| 215 |
_a104 с. _d21 |
||
| 712 | 0 | 2 |
_a"Союзмедтехника", всесоюзное объединение _9516742 _3RU\NLR\AUTH\8810009501 |
| 801 | 0 |
_aRU _bNLR _gpsbo |
|
| 801 | 1 |
_aRU _bELAR _2rusmarc |
|
| 852 |
_aNLR _jПт 40.7/261 |
||
| 899 |
_aRuMoRGB _jM 77-2/259 |
||
| 899 |
_aRuMoRGB _jСВТ |
||
| 942 | _cBOOK | ||
| 980 | _aNB | ||